00742cam a22002657a 4500003000500000005001700005008004100022010001000063011001000073020001500083035001000098040000900108082001800117245008700135260002300222300002900245410000800274490003700282650002500319650002600344650003700370700002400407810000800431830003700439CHAP20220817043448.0980817d1994 it a r 00110 fre d a75901 a76873 a9252031073 a86466 cCHAP04a630bF3f v.9010aMarchés de gros :bguide de planification et conceptionc/par J. D. Tracey-White aRome :bFAO,c1994 a236 p. : ilus. ; cuadros aFAO 0aFAO. Servicios agrícolasv; 9014aAlimentosxMercadeo.14aPolítica comercial.14aProductos agrícolasxMercadeo.0 aTracey-White, J. D.0 aFAO00aFAO. Servicios agrícolasv; 90